| 000 | 01279nam a2200241Ia 4500 | ||
|---|---|---|---|
| 999 |
_c39178 _d39178 |
||
| 001 | 5762 | ||
| 003 | GE_BSU | ||
| 005 | 20190426211802.0 | ||
| 008 | 181216s1980||||ge |||||||||||||| ||geo|| | ||
| 040 | _cGE_BSU | ||
| 041 | _ageo | ||
| 080 | _a624.012.4(072) რ-70 | ||
| 245 |
_aრკინაბეტონის კონსტრუქციების გაანგარიშების მაგალითები ნაწ. 3 : _bმეთოდური მითითებები / _cშემდგ. : ი.ტაბატაძე, გ. ჯაფარიძე, ვ. ჩხეიძე ; რედ. ე. გიორგიძე. |
||
| 264 |
_aთბილისი : _bსპი, _c1980. |
||
| 300 |
_a108 გვ. : _bნახაზები ; _c20 სმ. |
||
| 504 | _aბიბლიოგრ. : გვ.105. | ||
| 653 | _aრკინაბეტონის კონსტრუქციები. | ||
| 700 |
_aტაბატაძე, ი. _dშემდგენელი _9505 |
||
| 700 |
_aჯაფარიძე, გ. _eშემდგენელი _9506 |
||
| 700 |
_aჩხეიძე, ვ. _eშემდგენელი _9507 |
||
| 700 |
_aგიორგიძე, ე. _eრედაქტორი _9504 |
||
| 942 |
_cBK _2udc |
||